000 00816nam a2200217Ia 4500
008 0000001987 sp a 0000000000spa00
090 _aPSP00 C33a
110 1 _aChicago International Art EXposition (1987 : Chicago)
245 1 0 _aAlfonso Albacete
_c/ Chicago International Art Exposition ; photography Melli Pérez Madero
300 _a[42] p.
_c/ 21 cm.
500 _aCon el patronazgo del maestro venezolano Jesús Rafael Soto (q.e.p.d.) \
600 0 0 _aALBACETE, ALFONSO, 1950/
_xTRABAJOS PICTORICOS
650 1 4 _aARTE CONTEMPORANEO ESPAÑOL
650 1 4 _xCATALOGOS
650 1 4 _aDIBUJOS ESPAÑOLES
650 1 4 _xEXPOSICIONES
650 1 4 _aPINTORES ESPAÑOLES
650 1 4 _aPINTURA ESPAÑOLA
700 1 _aPérez Madero, Melli
999 _c6635
_d6635
260 _aMurcia : Galería Librería Yerba
_c1987